| 000 | 00546nam a22002057a 4500 | ||
|---|---|---|---|
| 003 | OSt | ||
| 005 | 20160919182925.0 | ||
| 008 | 160915b xxu||||| |||| 00| 0 eng d | ||
| 020 | _a9781118288153 | ||
| 040 | _cDDC | ||
| 082 | _a512NIC 2012 | ||
| 100 |
_aNicholson, W.Keith ; _98591 |
||
| 245 | _aIntroduction to Abstract Algebra. | ||
| 250 | _a4th ed. | ||
| 260 |
_aNew Jersey; _bJohn Wiley and Sons, _c2012. |
||
| 300 |
_avii,150p; _bill: _c25cm. |
||
| 504 | _aappendices are included. | ||
| 650 |
_amathematics. _9810 |
||
| 942 |
_2ddc _cO_SHELF |
||
| 999 |
_c5211 _d5211 |
||